Historia de la vagina (Registro nro. 307284)
[ vista simple ]
| 000 -ENCABEZADO | |
|---|---|
| Número de control [NR] | 01075cam a2200301Mi 4500 |
| 001 - NÚMERO DE CONTROL | |
| control field | ocm63697647 |
| 003 - IDENTIFICADOR DE CONTROL NÚMERO | |
| control field | Co-BoUCM |
| 005 - FECHA Y HORA DE LA ÚLTIMA TRANSACCIÓN | |
| control field | 20170925084010.0 |
| 008 - DE LONGITUD FIJA DE DATOS DE ELEMENTOS - INFORMACIÓN GENERAL | |
| Elementos de longitud fija [NR] | 170925s2005 sp b 000 0 spa d |
| 020 ## - NUMERO INTERNACIONAL NORMALIZADO PARA LIBROS [R] | |
| Número Internacional Normalizado del libro [NR] | 8483076985 |
| 020 ## - NUMERO INTERNACIONAL NORMALIZADO PARA LIBROS [R] | |
| Número Internacional Normalizado del libro [NR] | 9788483076989 |
| 035 ## - NUMERO DE CONTROL DEL SISTEMA [R] | |
| Número de control del sistema [NR] | (OCoLC)63697647 |
| Numero Cancelado/no válido [R] | (OCoLC)630590808 |
| 040 ## - FUENTE DE CATALOGACION [NR] | |
| Agencia de catalogación original [NR] | Co-BoUCM |
| Quien Cataloga | Saul Niño |
| Quien Clasifica | Saul Niño |
| 041 0# - CODIGO DE IDIOMA [R] | |
| Código de idioma para texto/pista de sonido o título separado [R] | Español |
| 050 #4 - SIGNATURA TOPOGRAFICA DE LA BIBLIOTECA DEL CONGRESO (LC) [R] | |
| Número clasificador [R] | HQ29 |
| Número del ítem [NR] | .B5618 2005 |
| 100 1# - ASIENTO PRINCIPAL--NOMBRE PERSONAL [NR] | |
| Nombre personal [NR] | Blackledge, Catherine |
| Fechas asociadas con el nombre [NR] | 1968- |
| ID Autoridad | 87256 |
| 245 10 - MENCION DE TITULO [NR] | |
| Título [NR] | Historia de la vagina |
| Parte restante del título [NR] | un territorio virgen al descubierto |
| Mención de responsabilidad, etc. [NR] | Catherine Blackledge ; traducción de Zoraida de Torres Burgos |
| 260 ## - PUBLICACION, DISTRIBUCION, ETC. (PIE DE IMPRENTA) [R] | |
| Lugar de publicación, distribución, etc. [R] | Barcelona |
| Nombre del editor, distribuidor, etc. [R] | Ediciones Península |
| Fecha de publicación, distribución, etc. [R] | 2005 |
| 300 ## - DESCRIPCION FISICA [R] | |
| Extensión [R] | 334 páginas |
| Otros detalles físicos [NR] | ilustraciones |
| 490 1# - MENCION DE SERIE [R] | |
| Mención de serie [R] | Atalaya |
| Designación numérica/secuencial del volumen [NR] | 208 |
| 650 #7 - ASIENTO SECUNDARIO DE MATERIA - TERMINO TEMATICO [R] | |
| Término temático o nombre geográfico como elemento de entrada [NR] | Mujeres |
| Subdivisión general [R] | Conducta sexual |
| -- | Historia |
| 9 (RLIN) | 19882 |
| 650 #7 - ASIENTO SECUNDARIO DE MATERIA - TERMINO TEMATICO [R] | |
| Término temático o nombre geográfico como elemento de entrada [NR] | Vagina |
| 9 (RLIN) | 26063 |
| 650 #7 - ASIENTO SECUNDARIO DE MATERIA - TERMINO TEMATICO [R] | |
| Término temático o nombre geográfico como elemento de entrada [NR] | Aparato genital femenino |
| 9 (RLIN) | 9221 |
| Subdivisión general [R] | Historia |
| 700 1# - ASIENTO SECUNDARIO - NOMBRE PERSONAL [R] | |
| Nombre personal [NR] | Torres Burgos, Zoraida de |
| Término de relación [R] | traductor |
| 9 (RLIN) | 87257 |
| 765 ## - ASIENTO DE IDIOMA ORIGINAL [R] | |
| Título [NR] | The story of V : opening Pandora's box |
| 942 ## - ELEMENTOS DE ENTRADA AGREGADOS (KOHA) | |
| Sistema de clasificación | DEWEY |
| Tema principal | Medicina |
| Tipo de ítem principal el descrito en 300a | Libro |
| Edición | 1 |
| Clasificación | 611.67 |
| Parte restante de la signatura top. | B627h |
| Fecha de último préstamo | Total préstamos | Total Renewals | Signatura topográfica | Código de barras | Última vez visto | Ejemplar | Costo de reposición | Price effective from | Tipo de ítem | Perdido | Sistema de clasificación | Dañado | No prestable | Tipo de ítem específico | Suprimido | Ubicación habitual | Ubicación actual | Localización | Fecha de creación | Proveedor | Forma de adquisición | Costo |
|---|---|---|---|---|---|---|---|---|---|---|---|---|---|---|---|---|---|---|---|---|---|---|
| 29/04/2019 | 5 | 12 | 611.67 B627h | 100154015 | 16/01/2025 | Ej.1 | 26000.00 | 19/09/2017 | Libro | DEWEY | Libro | Procesos Técnicos | Procesos Técnicos (no para préstamo) | 2do piso | 19/09/2017 | 12 | Donación | 0.00 |